OECD Digital Economy Outlook 2017
Salvato in:
| Natura: | Libro |
|---|---|
| Lingua: | inglese |
| Pubblicazione: |
Paris
OECD
2017
|
| Soggetti: | |
| Tags: |
Nessun Tag, puoi essere il primo ad aggiungerne!!
|
MARC
| LEADER | 00000nam a2200000 4500 | ||
|---|---|---|---|
| 001 | 0241257 | ||
| 005 | 20221221133945.9 | ||
| 020 | |a 978-92-64-27626-0 | ||
| 041 | 0 | |a eng | |
| 044 | |a FR | ||
| 245 | 1 | 0 | |a OECD Digital Economy Outlook 2017 |
| 264 | 1 | |a Paris |b OECD |c 2017 | |
| 300 | |a 321 s. | ||
| 610 | 2 | 0 | |a politika verejná |
| 610 | 2 | 0 | |a politika hospodárska |
| 610 | 2 | 0 | |a digitalizácia |
| 610 | 2 | 0 | |a transformácia |
| 610 | 2 | 0 | |a regulácia |
| 610 | 2 | 0 | |a trh |
| 610 | 2 | 0 | |a technológie komunikačné |
| 610 | 2 | 0 | |a technológie informačné |
| 610 | 2 | 0 | |a internet |
| 610 | 2 | 0 | |a podnik |
| 610 | 2 | 0 | |a inovácia |
| 610 | 2 | 0 | |a riziko |
| 610 | 2 | 0 | |a vzdelávanie |
| 610 | 2 | 0 | |a zručnosti |
| 610 | 2 | 0 | |a gramotnosť digitálna |
| 610 | 2 | 0 | |a miesta pracovné |
| 610 | 2 | 0 | |a porovnanie štatistické medzinárodné |